| 000 | 00410nam a2200145 a 4500 | ||
|---|---|---|---|
| 001 | 000039422 | ||
| 005 | 20201002031637.0 | ||
| 008 | 130626s1973 mx 000 0 spa d | ||
| 040 |
_aDO-SdBNP _bspa _cBNPHU |
||
| 100 | 1 |
_aRomero, José Rubén _965619 |
|
| 245 | 1 | 3 |
_aLa vida inútil de Pito Pérez / _cJosé Rubén Romero. |
| 250 | _a10a ed. | ||
| 260 |
_aMéxico : _bPorrua, _c1973. |
||
| 300 |
_a231 p. ; _c23 cm. |
||
| 999 |
_c38912 _d38912 |
||